<?xml version="1.0" encoding="UTF-8"?>
<record
    xmlns:xsi="http://www.w3.org/2001/XMLSchema-instance"
    xsi:schemaLocation="http://www.loc.gov/MARC21/slim http://www.loc.gov/standards/marcxml/schema/MARC21slim.xsd"
    xmlns="http://www.loc.gov/MARC21/slim">

  <leader>00704nam a22001937a 4500</leader>
  <controlfield tag="005">20260313111430.0</controlfield>
  <controlfield tag="008">260313b        |||||||| |||| 00| 0 eng d</controlfield>
  <datafield tag="020" ind1=" " ind2=" ">
    <subfield code="a">9788173717208</subfield>
  </datafield>
  <datafield tag="040" ind1=" " ind2=" ">
    <subfield code="c">VITAP</subfield>
  </datafield>
  <datafield tag="082" ind1=" " ind2=" ">
    <subfield code="2">23</subfield>
    <subfield code="a">551.4 KAL</subfield>
  </datafield>
  <datafield tag="100" ind1=" " ind2=" ">
    <subfield code="a">Kale, Vishwas S.</subfield>
    <subfield code="9">17226</subfield>
  </datafield>
  <datafield tag="245" ind1=" " ind2=" ">
    <subfield code="a">Introduction to Geomorphology</subfield>
    <subfield code="c">/ Vishwas S. Kale</subfield>
  </datafield>
  <datafield tag="260" ind1=" " ind2=" ">
    <subfield code="a">Hyderabad</subfield>
    <subfield code="b">Universities Press ( India ) Pvt. Ltd.</subfield>
    <subfield code="c">2010</subfield>
  </datafield>
  <datafield tag="300" ind1=" " ind2=" ">
    <subfield code="a">iv, 274p, ill.: 24cm</subfield>
  </datafield>
  <datafield tag="500" ind1=" " ind2=" ">
    <subfield code="a">It include index pages</subfield>
  </datafield>
  <datafield tag="650" ind1=" " ind2="0">
    <subfield code="a">Geomorphology, Structure of the Earth, Geomorphic Processes, Rivers and Fluvial Landforms, Glacial Geomorphology, Desert and Aeolian Landforms etc.</subfield>
    <subfield code="9">17227</subfield>
  </datafield>
  <datafield tag="700" ind1=" " ind2=" ">
    <subfield code="a">Gupta, Avijit</subfield>
    <subfield code="9">17228</subfield>
  </datafield>
  <datafield tag="942" ind1=" " ind2=" ">
    <subfield code="2">ddc</subfield>
    <subfield code="c">BK</subfield>
  </datafield>
  <datafield tag="999" ind1=" " ind2=" ">
    <subfield code="c">47339</subfield>
    <subfield code="d">47339</subfield>
  </datafield>
  <datafield tag="952" ind1=" " ind2=" ">
    <subfield code="0">0</subfield>
    <subfield code="1">0</subfield>
    <subfield code="2">ddc</subfield>
    <subfield code="3">Paper Back</subfield>
    <subfield code="4">0</subfield>
    <subfield code="7">1</subfield>
    <subfield code="8">REF</subfield>
    <subfield code="a">VSB</subfield>
    <subfield code="b">VITAP</subfield>
    <subfield code="c">REF</subfield>
    <subfield code="d">2026-01-30</subfield>
    <subfield code="e">Paramount Book Distributors</subfield>
    <subfield code="g">675.00</subfield>
    <subfield code="i">15624</subfield>
    <subfield code="l">0</subfield>
    <subfield code="o">551.4 KAL</subfield>
    <subfield code="p">025587</subfield>
    <subfield code="r">2026-03-13 11:13:00</subfield>
    <subfield code="v">675.00</subfield>
    <subfield code="w">2026-01-30</subfield>
    <subfield code="y">REF</subfield>
    <subfield code="z">GEN</subfield>
  </datafield>
  <datafield tag="952" ind1=" " ind2=" ">
    <subfield code="0">0</subfield>
    <subfield code="1">0</subfield>
    <subfield code="2">ddc</subfield>
    <subfield code="3">Paper Back</subfield>
    <subfield code="4">0</subfield>
    <subfield code="7">0</subfield>
    <subfield code="a">VSB</subfield>
    <subfield code="b">VITAP</subfield>
    <subfield code="c">GEN</subfield>
    <subfield code="d">2026-01-30</subfield>
    <subfield code="e">Paramount Book Distributors</subfield>
    <subfield code="g">675.00</subfield>
    <subfield code="i">15624</subfield>
    <subfield code="l">0</subfield>
    <subfield code="o">551.4 KAL</subfield>
    <subfield code="p">025588</subfield>
    <subfield code="r">2026-03-13 11:13:23</subfield>
    <subfield code="v">675.00</subfield>
    <subfield code="w">2026-01-30</subfield>
    <subfield code="y">BK</subfield>
    <subfield code="z">GEN</subfield>
  </datafield>
</record>
